000 00455cam a2200169 i 4500
005 20260401120328.0
008 250721s1984 xxu gr 000 0 eng d
020 _a915597187
082 1 4 _a956
_bI R V
100 1 _aT.B, Irving
_eAuthor.
245 1 4 _aThe World of Islam /
_cT. B. Irving.
264 3 1 _aNEWYORK :
_bamana books ,inc,
_c1984.
300 _a200 page.
650 1 7 _aISLAMIC COUNTRIES.
942 _2ddc
_cBK
999 _c130124
_d130124